000 00320nam a22001337a 4500
999 _c11991
_d11991
020 _a8172454201
020 _a9788172454203
082 _a920.02
100 _aAshwani Bhardwaj
245 _aThe Great Writers of the World
260 _aNew Delhi
_bGoodwill Publishing House
300 _aix, 533 pages
942 _cBK